100 Biggest Cities of Turkmenistan on a Map - Statistics

General Stats
  • This quiz has been taken 79 times
  • The average score is 8 of 100
Answers on the Map
Answers color-coded by a green-red scale on the quiz's map according to % correct below.
 
Answer Stats
Population City % Correct
1,030,063 Aşgabat
100%
167,027 Mary
71%
230,861 Türkmenabat
69%
91,745 Türkmenbaşy
64%
201,142 Daşoguz
57%
123,190 Balkanabat
50%
70,376 Baýramaly
17%
67,488 Tejen
17%
32,489 Kerki
14%
20,547 Farap
12%
33,381 | 9,150 Gökdepe
12%
37,176 Köneürgenç
12%
16,025 Ahal
10%
28,045 | 9,066 Akdepe
10%
39,582 Boldumsaz
10%
15,409 Dänew
10%
12,918 Esenguly
10%
10,901 Gara
10%
18,950 Gubadag
10%
30,709 Ýolöten
10%
10,597 | 13,549 | 23,697 Bereket
7%
30,884 Gumdag
7%
15,056 Jebel
7%
33,315 Kaka
7%
18,816 Köýtendag
7%
44,508 Magdanly
7%
21,619 Saýat
7%
16,038 Serhetabat
7%
29,670 Seýdi
7%
8,936 Ak altyn
5%
28,653 Änew
5%
13,440 Babadaýhan
5%
37,588 Bäherden
5%
10,967 Durun
5%
15,135 Garabekewül
5%
21,035 Gazojak
5%
26,770 Görogly
5%
48,552 Gyzylarbat
5%
20,778 Halaç
5%
14,671 Hazar
5%
14,996 Kerkiçi
5%
12,183 Merw
5%
14,822 Murgap
5%
12,769 Sakar
5%
11,891 Sakarçäge
5%
31,269 Sarahs
5%
13,312 Tagtabazar
5%
10,660 Watan
5%
10,330 Amyderýa
2%
36,594 Andalyp
2%
13,777 Darganata
2%
13,655 Dostluk
2%
12,508 Etrek
2%
15,386 | 9,173 Magtymguly
2%
10,488 Ýagtyýol
2%
16,946 Akwekil
0%
12,462 Akybaý
0%
13,660 Altyn asyr
0%
11,466 Astanababa
0%
9,603 Aşyr Kakabaýew adyndaky
0%
9,681 Babaarap
0%
9,804 Bagtyýarlyk
0%
12,784 Çäçdepe
0%
15,470 Çaşgyn
0%
12,976 Çerkezköl
0%
8,682 Durdyýew adyndaky
0%
10,557 Egrigüzer
0%
9,023 Ezizhan
0%
8,666 Gabasakgal
0%
11,436 Gadyrýap
0%
18,148 Gämi
0%
11,152 | 9,016 Garadepe
0%
17,229 Garajaowlak
0%
8,673 Garaşsyzlyk
0%
9,852 Garaýap
0%
8,716 G. Sähetmyradow adyndaky
0%
12,744 H. Jumaýew adyndaky
0%
13,485 Hojambaz
0%
9,302 Hurmantgökje
0%
10,519 Keseýap
0%
10,571 Mamur
0%
12,115 Mekan
0%
10,498 M.Lorsy adyndaky
0%
10,899 Mülkbükri
0%
10,377 Mülkýazy
0%
9,850 Parahat
0%
19,392 Şabat
0%
20,720 Saparmyrat Türkmenbaşy adyndaky
0%
13,251 Saparmyrat Türkmenbaşy adyndaky, Mary district
0%
9,865 Suhty
0%
12,136 Şükür bagşy adyndaky
0%
9,259 Täzeýol
0%
16,696 Türkmengala
0%
9,897 Ýarygökje
0%
No matching quizzes found
Score Distribution
Percent of People with Each Score
Percentile by Number Answered
Your Score History
You have not taken this quiz